00823 2200277 4500001002100000005001500021035002000036245008800056100003500144300003300179006001800212007000300230008004100233700004500274264003500319336002100354337003000375338002300405082001100428084001700439020002200456650000900478250001200487990002300499990002300522INLIS00000000000885420260518081506 a0010-10220002291 aYuk,Lebih Dekat Mengenal Laut /cBambang Joko Susilo; editor, Cikal Ringgin Peneduh0 aBambang Joko SusiloePengarang avii, 64 hlm :bilus ;c25 cma ta260518 0 0 aeditor, Cikal Ringgin PeneduhePengarang a.--Jakarta :bBee Media,c2018 2rdacontentateks 2rdamediaatanpa perantara 2rdacarrieravolume a551.46 a551.46 BAM y a979-602-6587-32-9 4aLaut a.-Cet.1 a234.679/B/DPk/2018 a234.680/B/DPk/2018